Creating the digital future : the secrets of consistent innovation at Intel
Αποθηκεύτηκε σε:
| Κύριος συγγραφέας: | |
|---|---|
| Μορφή: | Βιβλίο |
| Γλώσσα: | English |
| Δημοσίευση: |
New York :
Free Press,
c1998
|
| Θέματα: | |
| Ετικέτες: |
Προσθήκη ετικέτας
Δεν υπάρχουν, Καταχωρήστε ετικέτα πρώτοι!
|
MARC
| LEADER | 00000cam a2200000 i 4500 | ||
|---|---|---|---|
| 001 | 1/94731 | ||
| 008 | 991207s1998 eng d | ||
| 020 | |a 0684839881 | ||
| 035 | |l 10054959 | ||
| 040 | |a GR-MY-UA |b gre |e aacr | ||
| 041 | 0 | |a eng | |
| 082 | 0 | |a 338.76213950973 | |
| 100 | 1 | |a Yu, Albert, |d 1941- | |
| 245 | 1 | 0 | |a Creating the digital future : |b the secrets of consistent innovation at Intel / |c Albert Yu |
| 260 | |a New York : |b Free Press, |c c1998 | ||
| 300 | |a x, 214 p.; |c 24 cm. | ||
| 504 | |a Includes bibliographical references and index | ||
| 610 | 2 | 0 | |a Intel Corporation. |
| 650 | 0 | 0 | |a Semiconductor industry |z United States. |
| 650 | 0 | 0 | |a Intel microprocessors |z United States. |
| 650 | 0 | 0 | |a High technology industries |z United States |x Management. |
| 650 | 0 | 0 | |a Corporations |z United States. |
| 650 | 0 | 0 | |a Success in business |z United States. |
| 852 | |a INST |b SAMOS |e 19991207 |h 338.76213950973 YUA |p 005300016540 |q 005300016540 |t BK |y 0 | ||
| 901 | |a BIBL3-1999-3 | ||
| 922 | |a 3ΕΛΗ |b 199911 |c ΤΠΕΣ |d ΠΑΠΑΣΩΤΗΡΙΟΥ | ||
| 950 | |a 133-1999-07-20 | ||
| 970 | |a ΠΟΥΡΝΑΡΑΣ |b ΔΗΜΗΤΡΗΣ |z 1999/12/07 | ||